00820cam a22002531 4500001001300000003000400013005001700017008004100034010001700075035002000092040001700112042001200129050002400141100006700165245001600232260007600248300002800324500008300352630002600435650002500461752002500486752003800511999001700549he 67000635 DLC20260227111445.0840125s1963 nyu 000 0 heb  ahe 67000635  a(OCoLC)19160046 aDLCcMHdDLC apremarc00aBM522.44b.D3 1861a0 aIsaac ben David,cof Constantinople,dapproximately 1700-1758.10aDivre emet. aNew York :bPrinted by Edison Lithographing and Printing Corp.c[1963?] a136, 8 leaves ;c35 cm. aPhoto-offset of Halberstadt 1861 (?) ed. without "derushim" [39 leaves at end]00aTalmudxCommentaries. 0aResponsay1600-1800. aGermanydHalberstadt aUnited StatesbNew YorkdNew York c32278d32278